Moderne Länder von Nazideutschland auf einer Karte - Statistiken

Allgemein
  • Dieses Quiz wurde 15.472 mal gespielt
  • Das Durchschnittsergebnis liegt bei 19 aus 20
Antworten auf der Karte
Die Antworten werden auf der Karte rot bzw. grün angezeigt, abhängig davon wie oft sie richtig erraten wurden.
 
Antwortstatistiken
Land % Korrekt
Deutschland
100%
Belgien
99%
Dänemark
99%
Frankreich
99%
Niederlande
99%
Norwegen
99%
Österreich
99%
Polen
99%
Tschechien
98%
Estland
97%
Lettland
97%
Luxemburg
97%
Russland
97%
Ukraine
97%
Belarus
96%
Litauen
96%
Griechenland
89%
Slowenien
89%
Slowakei
88%
Serbien
83%
Keine übereinstimmenden Quizze gefunden
Verteilung der Resultate
Anzahl Personen mit jedem Resultat
Perzentil nach korrekt beantworteten Fragen
Ihre Resultats-Entwicklung
Sie haben dieses Quiz noch nicht gespielt